Artistas Colombianos más escuchados en Spotify - Estadísticas

Estadísticas generales
  • Esta prueba ha sido intentada 190 veces
  • La puntuación promedio es 7 de 12
Estadísticas de respuestas
Oyentes mensuales (millones) Artista % Correcto
65,5M Shakira
96%
43,5M Maluma
91%
59,9M Karol G
89%
55,9M J Balvin
86%
42,6M Feid
72%
16,2M Carlos Vives
62%
17,8M Juanes
55%
22,8M Sebastián Yatra
47%
21M Ryan Castro
44%
22,2M Camilo
33%
35,8M Manuel Turizo
30%
11,4M Bomba Estéreo
9%
No se encontraron pruebas coincidentes
Distribución de puntuación
Porcentaje de gente con cada puntuación
Porcentaje por número respondido
Historial de tus puntuaciones
No has intentado esta prueba.